Normal view MARC view

Entry Personal Name

Number of records used in: 2

001 - CONTROL NUMBER

  • control field: 66705

003 - CONTROL NUMBER IDENTIFIER

  • control field: dpl

005 - DATE AND TIME OF LATEST TRANSACTION

  • control field: 20240522103404.0

008 - FIXED-LENGTH DATA ELEMENTS

  • fixed length control field: 240522|| aca||aabn | a|a d

040 ## - CATALOGING SOURCE

  • Original cataloging agency: dpl
  • Transcribing agency: dpl

100 ## - HEADING--PERSONAL NAME

  • Personal name: रावत, अजय सिंह

670 ## - SOURCE DATA FOUND

  • Source citation: Work cat.: (dpl)202467: रावत, अजय सिंह, उत्तराखंड का समग्र राजनैतिक इतिहास:, 2022

© Delhi Public Library
Hit Counter
free hit counter